00488nam a2200193 a 4500001001300000003000900013005001700022008004100039020001000080082001300090100001600103245003100119260005000150300000900200500003500209505001500244650001900259700001600278nice12345678IN_TiNIC20260116011634.0050524s1931 cama grp 000 0 eng  ac10000a270bGLO aGlover, T R aWorld of the New Testament aCambridge bCambridge University Press c1931 a191p aincludes index and biblioraphy2 aAppendices aChurch-History1 aGlover, T R